Biblioteca de Gironella
Descripción Física:
1 punt de llibre ; il. col. ; 6 x 23 cm.
Idioma:
Catalán
MARC
| LEADER | 00000nrm a22000007a 4500 | ||
|---|---|---|---|
| 001 | 27231 | ||
| 003 | Arxiu | ||
| 005 | 20260324181149.0 | ||
| 008 | 230109b spa||||| |||| 00| 0 cat d | ||
| 017 | |a B 9047-2015 | ||
| 040 | |a agdb |b cat | ||
| 245 | |a Biblioteca de Gironella | ||
| 260 | |a Barcelona : |b Ajuntament de Gironella : |b Xarxa de Biblioteques Municipals ; |c 2015 | ||
| 300 | |a 1 punt de llibre ; |b il. col. ; |c 6 x 23 cm. | ||
| 650 | 0 | |2 Arxiu |a Biblioteques públiques |z Gironella (Catalunya) | |
| 710 | |9 55028 |a Gironella (Catalunya). |b Ajuntament | ||
| 710 | 1 | |9 52650 |a Barcelona (Catalunya : Província). |b Xarxa de Biblioteques Municipals | |
| 942 | |2 udc |c ARXIU |n 1 | ||
| 952 | |0 0 |1 0 |2 udc |4 0 |6 NBM16151 |7 1 |9 64973 |a Arxiu |b Arxiu |d 2023-01-09 |l 0 |o NBM-16-151 |p 27231 |r 2023-01-09 00:00:00 |w 2023-01-09 |y ARXIU | ||
| 999 | |c 82933 |d 82933 | ||